000 01047cam a2200313 i 4500
001 000007907
003 DO-SdBNP
005 20250212140157.0
007 ta
008 820701s1981 sp a 000 f spa d
020 _z8401380014
040 _aDO-SdBNP
_bspa
_cBNPHU
_erda
082 4 _aPe863.44
_bV297g
_222
100 1 _aVargas Llosa, Mario,
_d1936-
_912567
_4aut.
_eautor
245 1 3 _aLa guerra del fin del mundo /
_cMario Vargas Llosa ; introducción, Ángel Rama
264 4 _aBarcelona :
_bCirculo de Lectores,
_c©1981.
300 _a558 páginas ;
_c23 cm.
336 _atexto
_btxt
_2rdacontent
337 _asin mediación
_bn
_2rdamedia
338 _avolumen
_bnc
_2rdacarrier
490 0 _aBiblioteca breve
650 7 _aNovela peruana
_912569
_2LEMB
650 7 _aLiteratura peruana
_93140
_2LEMB
651 0 _aBrasil
_xHistoria
_921690
_yCampaaña de Canudos, 1893-1897
700 1 _aRama, Ángel,
_eintroducción
_4introd.
830 0 _aBiblioteca breve
_913442
910 _aValidado. Control de calidad MFF
942 _2ddc
_cLBS1
999 _c7685
_d7685